000 00484nam a2200169Ia 4500
003 OSt
005 20260303102756.0
008 211028s2003 xx 000 0 und d
040 _cAIMIT LIBRARY
041 _aeng
082 _a006.671 MATD
100 _aMathias, D Silva Rajesh;D Souza, Anil Prakash.
_g92160
_92202
110 _aD Souza, Anil Prakash.
_92203
245 _aImplementation of java message service infrastructure /
260 _aBangalore
_c2003
942 _2ddc
_cPRO
999 _c216817
_d216817